| 000 | 00439nam a2200193Ia 4500 | ||
|---|---|---|---|
| 008 | 210210b1950 xxu||||| |||| 00| 0 eng d | ||
| 041 | _aeng | ||
| 082 | _a335/65 | ||
| 100 | _aCHANDRASEKHAR (S) | ||
| 245 | _aIndias population: fact and policy | ||
| 260 |
_aIndia _b- _c1950 |
||
| 650 | _apopulation: | ||
| 650 | _apolicy | ||
| 650 | _aIndias | ||
| 650 | _afact | ||
| 650 | _aand | ||
| 690 | _aIndian Economics | ||
| 906 | _a004408 | ||
| 999 |
_c125085 _d125085 |
||